Catálogo
 En Linea

Índice general de la legislación de la República Dominicana : (Registro nro. 19942)

Detalles MARC
000 -CABECERA
campo de control de longitud fija 01028nam a2200217 a 4500
001 - NÚMERO DE CONTROL
campo de control 000020438
005 - FECHA Y HORA DE LA ÚLTIMA TRANSACCIÓN
campo de control 20200930011119.0
008 - DATOS DE LONGITUD FIJA--INFORMACIÓN GENERAL
campo de control de longitud fija 090723s2014 dr 001 0 spa d
040 ## - FUENTE DE LA CATALOGACIÓN
Centro catalogador/agencia de origen DO-SdBNP
Lengua de catalogación spa
Centro/agencia transcriptor BNPHU
082 ## - NÚMERO DE LA CLASIFICACIÓN DECIMAL DEWEY
Número de clasificación R340.016
Número de documento/Ítem R426i
110 2# - ENTRADA PRINCIPAL--NOMBRE DE ENTIDAD CORPORATIVA
Nombre de entidad corporativa o nombre de jurisdicción como elemento de entrada República Dominicana
Unidad subordinada Consultoría Jurídica del Poder Ejecutivo
9 (RLIN) 483
240 10 - TÍTULO UNIFORME
Título uniforme Leyes, etc.
245 10 - MENCIÓN DE TÍTULO
Título Índice general de la legislación de la República Dominicana :
Resto del título año 2014 (periodo del gobierno constitucional del Lic. Danilo Medina) /.
246 10 - FORMA VARIANTE DE TÍTULO
Título propio/Titulo breve Legislación de la República Dominicana
260 ## - PUBLICACIÓN, DISTRIBUCIÓN, ETC.
Lugar de publicación, distribución, etc. Santo Domingo :
Nombre del editor, distribuidor, etc. Consultoría Jurídica del Poder Ejecutivo,
Fecha de publicación, distribución, etc. 2014.
300 ## - DESCRIPCIÓN FÍSICA
Extensión 458 p. ;
Dimensiones 24 cm.
500 ## - NOTA GENERAL
Nota general El suscrito, consultor jurídico del Poder Ejecutivo, certifica que la presente publicación es oficial (Dr. César R. Pina Toribio)
650 #4 - PUNTO DE ACCESO ADICIONAL DE MATERIA--TÉRMINO DE MATERIA
Término de materia o nombre geográfico como elemento de entrada Legislación
Subdivisión geográfica República Dominicana
Subdivisión de forma ÍNDICE
9 (RLIN) 13207
650 #4 - PUNTO DE ACCESO ADICIONAL DE MATERIA--TÉRMINO DE MATERIA
Término de materia o nombre geográfico como elemento de entrada Leyes
Subdivisión geográfica República Dominicana
Subdivisión de forma ÍNDICE
9 (RLIN) 13208
650 #4 - PUNTO DE ACCESO ADICIONAL DE MATERIA--TÉRMINO DE MATERIA
Término de materia o nombre geográfico como elemento de entrada Promulgacion de leyes
Subdivisión geográfica República Dominicana
Subdivisión de forma ÍNDICE
9 (RLIN) 13209
Existencias
Estado de retiro Estado de pérdida Restricciones de uso No para préstamo Código de colección Localización permanente Ubicación/localización actual Ubicación en estantería Fecha de adquisición Número de inventario Total de préstamos Signatura topográfica completa Código de barras Fecha visto por última vez Número de copia Precio válido a partir de Tipo de ítem Koha
    Préstamo interno   Dominicana de Servicio General General Depósito 23.05.2017 LF1   R340.016 R426i 20438-30 25.06.2020 e. 3 25.06.2020 Libro y Folleto Colección Dominicana de Servicio
      Excluido de préstamo Patrimonio Dominicano Patrimonio Dominicano Patrimonio Dominicano Depósito 23.05.2017 LF1   R340.016 R426i 20438-10 25.06.2020   25.06.2020 Libro y Folleto Colección Patrimonio Dominicano
      Excluido de préstamo Patrimonio Dominicano Patrimonio Dominicano Patrimonio Dominicano Depósito 23.05.2017 LF1   R340.016 R426i 20438-20 25.06.2020 e. 2 25.06.2020 Libro y Folleto Colección Patrimonio Dominicano

Con tecnología Koha